| 000 | 00774nam a2200241 a 4500 | ||
|---|---|---|---|
| 001 | 45110 | ||
| 003 | BD-RjUL | ||
| 005 | 20211209053950.0 | ||
| 008 | 160723s1964 nyua b 001 0 eng | ||
| 035 | _a(BD-RjUL)45228 | ||
| 040 |
_aDLC/ICU _cCGU _dBD-RjUL _beng |
||
| 041 | _aeng | ||
| 082 |
_223 _a513.5 _bVAC 1964 |
||
| 100 | 1 |
_aValentine, Frederick A. _q(Frederick Albert), _d1911- _9138185 |
|
| 245 | 1 | 0 |
_aConvex sets / _cFrederick A. Valentine. |
| 260 |
_aNew York : _bMcGraw-Hill, _cc1964 |
||
| 300 |
_aix, 238 p. : _bill. ; _c24 cm. |
||
| 490 | 1 | _aMcGraw-Hill series in higher mathematics | |
| 504 | _aIncludes Bibliography: p. 209-232. and index. | ||
| 650 | 0 |
_aSet theory. _9132207 |
|
| 830 | 0 |
_aMcGraw-Hill series in higher mathematics. _9138187 |
|
| 942 |
_2ddc _cBK |
||
| 999 |
_c45110 _d45110 |
||